000 00340 a2200157 4500
001 169308
020 _a
040 _cMagnum
100 _aLane, Silvia T. Maurer
240 1 0 _aO que e psicologia social
_lpor
245 1 0 _aO que e psicologia social
362 0 _a1899
440 1 _aBrasiliense
697 _aPSICOLOGIA
942 _cBK
999 _c169308
_d169308